1562 1263 1117 1011 1412 1397 1300 1675 1785 1250 1268 1938 1615 1097 1205 1794 1518 1772 1833 1019 1652 1795 1677 1708 1870 1336 1299 1252 1820 1386 1400 1794 1235 1553 1348 1311 1989 1952 1576 1126 1616 1583 1737 1829 1183 1582 1393 1501 1941 1696 1626 1288 1112 1279 1899 1133 1868 1430 1550 1160 1473 1317 1118 1495 1872 1348 1197 1111 1877 1998 1796 1290 1848 1266 1980 1131 1170 1320 1265 1347 1005 1635 1332 1512 1137 1985 1641 1595 1997 1886 1288 1429 1465 1747 1565 1868 1790 1773 1249 BCNSPRNW ULIB Ver.6.0+V

เปลี่ยนเป็นภาษาไทย

Change to English
 แสดงรายละเอียดบรรณานุกรม
  กลับหน้าหลัก

Brief Record : Get Marc (ISO 2709) : E-mail record : QR code < ปิดหน้าต่าง
LEADER : 00000nam 2200000uu 4500
001    13399108684
003     ULIB
008    110311s2547||||th 000 0 tha d
020    9749664973
060 04 QT104^bส356 2547 ล.1
245 00 สรีรวิทยา^n1 /^cคณาจารย์ภาควิชาสรีรวิทยาคณะแพทยศาสตร์ศิริราชพยาบาล มหาวิทยาลัยมหิดล ; บรรณาธิการ วัฒนา วัฒนาภา, สุพัตรา โล่ห์สิริวัฒน์, สุพรพิมพ์ เจียสกุล
250    พิมพ์ครั้งที่ 5 (พิมพ์ซ้ำครั้งที่ 2)
260    กรุงเทพฯ :^bภาควิชาสรีรวิทยา คณะแพทยศาสตร์ศิริราชพยาบาลมหาวิทยาลัยมหิดล,^2547
300    1-324 หน้า :^bภาพประกอบ ;^c26 ซม.
650  7 สรีรวิทยา
700 0  วัฒนา วัฒนาภา,^eบรรณาธิการ
700 0  สุพัตรา โล่ห์สิริวัฒน์,^eบรรณาธิการ
700 0  สุพรพิมพ์ เจียสกุล,^eบรรณาธิการ
710 2  มหาวิทยาลัยมหิดล. ^bคณะแพทยศาสตร์ศิริราชพยาบาล.^bภาควิชาสรีรวิทยา
945    ^p280^l0^i24437
945    ^p280^l0^i24034
945    ^p280^l0^i24033
945    ^p280^l0^i24680
945    ^p280^l0^i24679
945    ^p280^l0^i24678
945    ^p280^l0^i24677
945    ^p280^l0^i24676
945    ^p280^l0^i24675
945    ^p280^l0^i24674
945    ^p280^l0^i24673
995    เกษร
999 ^a ใช้งานได้ทุกระบบ
รายการนี้ยังไม่มีแท็ก
คุณยังไม่ได้ล็อกอิน คุณสามารถมีกิจกรรมร่วมกับเว็บไซต์ได้ แต่ต้องล็อกอินก่อน ::
  ล็อกอิน

รายการสื่อสารสนเทศ

ลำดับที่ ประเภท เลขเรียก/บาร์โค้ด สถานที่ สถานะ
- ไม่พบข้อมูล -

รายการใกล้เคียง
    หัวเรื่อง [สรีรวิทยา]

BibComment


ยังไม่เคยถูกคอมเมนท์

คอมเมนท์ทรัพยากรรายการนี้
  คอมเมนท์: สรีรวิทยา 1 คณาจ..


 Copyright 2026. Bcnsprnw @Library